|
|
|
|
| LEADER |
05758nam a22003973i 4500 |
| 001 |
EBC30678478 |
| 003 |
MiAaPQ |
| 005 |
20231204023231.0 |
| 006 |
m o d | |
| 007 |
cr cnu|||||||| |
| 008 |
231204s2023 xx o ||||0 eng d |
| 020 |
|
|
|a 9789819929979
|q (electronic bk.)
|
| 020 |
|
|
|z 9789819929962
|
| 035 |
|
|
|a (MiAaPQ)EBC30678478
|
| 035 |
|
|
|a (Au-PeEL)EBL30678478
|
| 035 |
|
|
|a (OCoLC)1393224081
|
| 040 |
|
|
|a MiAaPQ
|b eng
|e rda
|e pn
|c MiAaPQ
|d MiAaPQ
|
| 050 |
|
4 |
|a D25-25.9
|
| 100 |
1 |
|
|a Agawa, Naoyuki.
|
| 245 |
1 |
0 |
|a Friendship Across the Seas :
|b The US Navy and the Japan Maritime Self-Defense Force.
|
| 250 |
|
|
|a 2nd ed.
|
| 264 |
|
1 |
|a Singapore :
|b Springer,
|c 2023.
|
| 264 |
|
4 |
|c ©2023.
|
| 300 |
|
|
|a 1 online resource (277 pages)
|
| 336 |
|
|
|a text
|b txt
|2 rdacontent
|
| 337 |
|
|
|a computer
|b c
|2 rdamedia
|
| 338 |
|
|
|a online resource
|b cr
|2 rdacarrier
|
| 505 |
0 |
|
|a Intro -- Foreword -- Translatorś Note -- Contents -- About the Authors and Advisors -- Acronyms -- Chapter 1: James E. Auer and the Japan Maritime Self-Defense Force -- The Etajima Museum of Naval History -- The Tan-Tan Kai -- Ensign Auer -- Encounter with the JMSDF -- A Thread Connecting the Japanese and US Navies -- Chapter 2: Kazuomi Uchida, the Chief of Maritime Staff -- Encounter with Auer -- From an IJN Officer to a JMSDF Official -- Rejoining the Navy -- Uchidaś Experience in the US -- Chapter 3: Teiji Nakamura, the Chief of Maritime Staff -- Teiji and Teiichiro -- Teiji Nakamura, the CMS -- Teiji Nakamura as a Naval Officer -- Commanding Officer as a Lifelong Model -- An Old Admiralś Lecture -- Study in the United States -- Cooperation with the US Navy -- Chief Torpedo Officer Nakamura -- Chapter 4: Minesweepers Crossing the Sea -- A Letter from Admiral Burke -- The Postwar IJN Minesweeping Forces -- Dispatching Japanese Minesweepers -- Minesweepers Assembled at Shimonoseki -- MS14 Sunk by a Mine -- ``Well Done ́́-- The Legacy of the Japanese Minesweeping Force -- A Thread Connecting the IJN and the JMSDF -- Chapter 5: Arleigh Burke and the Founding of the JMSDF -- JS Akizuki -- Fighting the IJN -- Interaction with the Japanese -- Burke and the Founding of the JMSDF -- Death of the Old Sailor -- Chapter 6: Mr. Navy: Ichiro Masuoka -- Encounter with Ichiro Masuoka -- Masuoka and the Navy -- Naka Funada and the Japan-US Alliance -- Homeporting USS Midway in Yokosuka -- ``Mr. Navy Arriving ́́-- Masuokaś Death -- Chapter 7: The US Navyś War Generation -- Auer as a Political Advisor -- Dinner with Rear Admiral Julian Burke -- War Memory -- Burke as a Southerner -- Admiral Holloway, Auerś Benefactor -- Annapolis in the Snow -- The Formidable Imperial Japanese Navy -- Encounters with Japan -- Holloway, the Chief of Naval Operations.
|
| 505 |
8 |
|
|a Two Naval Academies -- Chapter 8: A Dogwood in Etajima, a Cherry Tree in Annapolis -- Auer Leaves His Ship -- Encounter with Armitage -- Auer as Director of Japanese Affairs -- The ``Nakamura Lines ́́-- ``Roles and Missions ́́Sharing -- Sea Lane Defense -- Participating in RIMPAC -- The Japanese Fleet in Pearl Harbor -- The Introduction of Aegis Ships -- A Dogwood in Etajima, a Cherry Tree in Annapolis -- Chapter 9: Minesweepers Crossing the Sea Again -- Auerś Proposal -- Paving the Way for Minesweeper Deployment -- ``Dispatch the Minesweepers ́́-- Sakumaś Concerns -- The Commander of the Minesweeping Force -- Departure -- Cooperation Among Navies -- The Dispatch Forceś Crew -- Operation Gulf Dawn -- Joint Minesweeping Operation with the US Navy -- Ties with the US Navy -- The Minesweepers Return Home -- Chapter 10: After the Gulf War -- Auer in Nashville -- The Japan-US Security Relationship in the 1990s -- The Admirals Today -- Japan-US Exchanges Among the Younger Generation -- Lowering the JMSDF Ensign -- Chapter 11: The Alliance and the Two Navies: 2001-2022 -- The JMSDF Today -- Japan-US Naval Relations in the Post-Cold War Period -- The Ehime Maru Incident -- The War on Terror and Japanś Response -- China, Democratic Party Leaders in Power, and the Great East Japan Earthquake -- Abeś Second Appearance and His New Security Policy -- After Ukraine -- Chapter 12: Naval Alliance for a Better Peace -- How JMSDF Officers and Sailors View the US Navy and the Alliance -- The Interviewees: Joining the Maritime Self-Defense Force -- Encounter with America and Beyond -- Drawn to America, Repelled by America -- Female Personnel Seek to Globalize the Workplace -- September 11 Terrorist Attacks -- Bonds Between Japanese and US Navy Experts -- Enhancing JSDF Interoperability with US Forces -- The Job of Liaison Officer -- JMSDF Official as Diplomat.
|
| 505 |
8 |
|
|a English Proficiency of the JMSDF -- Remembering the Past at the Naval War College -- Think, Communicate, Do! At the Naval War College -- The JMSDF as Seen by a US Navy Officer -- The Future of Japan-US Navy Relations -- Toward an Alliance Sharing Honor -- Differences in Culture, Ways of Thinking -- Yet Japanese and US Navies Remain Allies -- Aiming for Ever Better Japan-US Alliance and Navy Relations -- Afterword -- Bibliography -- Japanese Works -- English Works -- Name Index -- Subject Index.
|
| 588 |
|
|
|a Description based on publisher supplied metadata and other sources.
|
| 590 |
|
|
|a Electronic reproduction. Ann Arbor, Michigan : ProQuest Ebook Central, 2023. Available via World Wide Web. Access may be limited to ProQuest Ebook Central affiliated libraries.
|
| 655 |
|
4 |
|a Electronic books.
|
| 776 |
0 |
8 |
|i Print version:
|a Agawa, Naoyuki
|t Friendship Across the Seas
|d Singapore : Springer,c2023
|z 9789819929962
|
| 797 |
2 |
|
|a ProQuest (Firm)
|
| 856 |
4 |
0 |
|u https://ebookcentral.proquest.com/lib/matrademy/detail.action?docID=30678478
|z Click to View
|